000 00909cam a2200241 4500
001 WB3542-14
008 000000n1999 000 0 eng u
035 _a(Sirsi) u101053
245 _aLand shortage hinders development
260 _c1999
490 _aBirmingham Post
_v28 October 1999, 30(1)
520 _aThe lack of large enough areas of available land could mean that the West Midlands will not be able to take advantage of the increasing demand for large retail warehouses. Article goes on to look at current issues in the industrial property sector, including PPG3 and the growth of sale and leaseback.
590 _aWB
650 _aINDUSTRIAL PROPERTY
650 _aRETAIL WAREHOUSES
650 _aWEST MIDLANDS
650 _aPPG3
650 _aSALE AND LEASEBACK
650 _aLAND SUPPLY
650 _aRATING REVALUATION
690 _aPROPERTY-PROPERTY DEVELOPMENT
942 _n0
999 _c60295
_d60295